| 000 | 00391nam a2200133Ia 4500 | ||
|---|---|---|---|
| 008 | 210210b1984 xxu||||| |||| 00| 0 eng d | ||
| 082 | _a820.954 IYEI | ||
| 100 | _aIYENGAR (K R Srinivasa). | ||
| 245 | _aIndian writing in english. | ||
| 260 |
_aNew Delhi. _bSterling Publishers Pvt Ltd., _c1984 |
||
| 650 | _aIndian writing english | ||
| 690 | _aIndian English Literature | ||
| 906 | _aSG03140 | ||
| 999 |
_c113761 _d113761 |
||